The last kids on Earth and the cosmic beyond / (Record no. 9942)
[ view plain ]
| 000 -LEADER | |
|---|---|
| fixed length control field | 01074nam a22002897a 4500 |
| 001 - CONTROL NUMBER | |
| control field | 9942 |
| 003 - CONTROL NUMBER IDENTIFIER | |
| control field | FISKH |
| 005 - DATE AND TIME OF LATEST TRANSACTION | |
| control field | 20260318163514.0 |
| 008 - FIXED-LENGTH DATA ELEMENTS--GENERAL INFORMATION | |
| fixed length control field | 260318b cb ||||| |||| 00| 0 eng d |
| 020 ## - INTERNATIONAL STANDARD BOOK NUMBER | |
| International Standard Book Number | 9780425292082 |
| 040 ## - CATALOGING SOURCE | |
| Original cataloging agency | FISKH |
| Language of cataloging | eng |
| Transcribing agency | FISKH |
| Modifying agency | FISKH |
| 050 ## - LIBRARY OF CONGRESS CALL NUMBER | |
| Classification number | PZ7 .B7356 .L |
| 082 ## - DEWEY DECIMAL CLASSIFICATION NUMBER | |
| Classification number | 813.6 |
| 100 ## - MAIN ENTRY--PERSONAL NAME | |
| Personal name | Brallier, Max |
| Relator term | Author |
| 245 ## - TITLE STATEMENT | |
| Title | The last kids on Earth and the cosmic beyond / |
| Statement of responsibility, etc. | Max Brallier ; illustrated by Douglas Holgate |
| 260 ## - PUBLICATION, DISTRIBUTION, ETC. | |
| Place of publication, distribution, etc. | New York : |
| Name of publisher, distributor, etc. | Penguin Random House , |
| Date of publication, distribution, etc. | 2018 |
| 300 ## - PHYSICAL DESCRIPTION | |
| Extent | 257 pages : |
| Other physical details | illustrations ; |
| Dimensions | 22 cm |
| 490 ## - SERIES STATEMENT | |
| Series statement | The last kids on Earth : |
| Volume/sequential designation | 4 |
| 505 ## - FORMATTED CONTENTS NOTE | |
| Formatted contents note | N<br/> |
| 520 ## - SUMMARY, ETC. | |
| Summary, etc. | During the first winter after the Monster Apocalypse, Jack and his buddies prepare for a monstrous Christmas celebration, but a supervillainess steals Jack's prized monster-slaying weapon, his Louisville Slicer, and he vows to get it back. |
| 521 8# - TARGET AUDIENCE NOTE | |
| Target audience note | 540<br/> |
| Source | Lexile <br/> |
| 521 8# - TARGET AUDIENCE NOTE | |
| Target audience note | N<br/> |
| Source | Raz-Plus<br/> |
| 650 ## - SUBJECT ADDED ENTRY--TOPICAL TERM | |
| Topical term or geographic name entry element | Graphic novel |
| Form subdivision | Horror |
| 700 ## - ADDED ENTRY--PERSONAL NAME | |
| Personal name | Holgate, Douglas |
| Relator term | Illustrator |
| 942 ## - ADDED ENTRY ELEMENTS (KOHA) | |
| Source of classification or shelving scheme | Dewey Decimal Classification |
| Koha item type | Books |
| Suppress in OPAC | No |
| Withdrawn status | Lost status | Source of classification or shelving scheme | Damaged status | Not for loan | Collection | Home library | Current library | Shelving location | Date acquired | Total Checkouts | Full call number | Barcode | Date due | Date last seen | Date last checked out | Copy number | Price effective from | Koha item type |
|---|---|---|---|---|---|---|---|---|---|---|---|---|---|---|---|---|---|---|
| Dewey Decimal Classification | Juvenile Fiction | Footprints International School Library Network Toul Tom Poung Campus | Footprints International School Library Network Toul Tom Poung Campus | TTP Primary Yellow Bookshelves | 03/18/2026 | 1 | BRA 813.6 PZ7 .B7356 .L | 2026-0340 | 04/10/2026 | 03/27/2026 | 03/27/2026 | 1 | 03/18/2026 | Books |
